| 000 | 00872nam a22002297a 4500 | ||
|---|---|---|---|
| 999 |
_c16870 _d16870 |
||
| 003 | AR-CdUCM | ||
| 008 | 190506b ||||| |||| 00| 0 spa d | ||
| 040 |
_aMUNICIPALIDAD PROVINCIAL DEL CUSCO _cBIBLIOTECA MUNICIPAL DEL CUSCO |
||
| 082 |
_a129.33 / _bSCH322 |
||
| 100 |
_aScheler, Max _96895 |
||
| 245 | _aEl santo, el genio, el héroe / | ||
| 260 |
_aBuenos Aires : _bEdit. Nova, _c1961. |
||
| 300 |
_a169 páginas ; _c20 cm. |
||
| 440 |
_aColección la vida del espiritú _931289 |
||
| 505 | _aContenido: Generalidades sobre el modelo y el jefe -- Espíritu personal en la formación de grupos humanos. Los vehículos de la influencia de los modelos -- El santo... | ||
| 650 |
_aSantos _99890 |
||
| 650 |
_aModelos e ideas _936585 |
||
| 650 |
_aHéroes _91336 |
||
| 700 |
_aTabernig, Elsa (traducción) _936586 |
||
| 942 |
_2ddc _cLIBROS |
||
| 945 |
_adavv _d06/05/2019 |
||